000
00300nam a2200097Ia 4500
005
20250424112858.0
008
250424s9999 xx 000 0 und d
300
_a
viii, 81 p. :ill. ; 28 cm.
650
_a
Nigeria--Social policy--Periodicals. Nigeria--Politics and government--Periodicals.
942
_c
SR
999
_c
37667
_d
37667